[Event "Lloyds Bank Masters 18th"]
[Site "London"]
[Date "1994.08.23"]
[Round "4"]
[White "Wilson, Jonathan"]
[Black "Ravi, Thandalam S"]
[Result "1-0"]
[WhiteElo "2190"]
[BlackElo "2385"]
[PlyCount "125"]
[EventDate "1994.08.20"]
[EventType "swiss"]
[EventRounds "10"]
[EventCountry "ENG"]
[SourceTitle "BritBase"]

1. d4 Nf6 2. c4 e6 3. Nc3 Bb4 4. e3 c5 5. Bd3 O-O 6. Nge2 cxd4 7. exd4 d5 8. a3
dxc4 9. Bxc4 Be7 10. O-O Nbd7 11. Qd3 Nb6 12. Ba2 Bd7 13. Bg5 Bc6 14. Rad1 Nbd5
15. f4 Ng4 16. Nxd5 Bxd5 17. Bxd5 exd5 18. h3 Nf6 19. Nc3 Re8 20. Rfe1 Nh5 21.
Rxe7 Rxe7 22. Bxe7 Qxe7 23. Nxd5 Qd6 24. Qf3 g6 25. g4 Ng7 26. g5 Ne6 27. Nf6+
Kf8 28. Qxb7 Rd8 29. Qb4 Qxb4 30. axb4 Nxf4 31. h4 Rxd4 32. Rxd4 Ne2+ 33. Kf2
Nxd4 34. Nxh7+ Ke7 35. Nf6 Kd6 36. Kg3 Nc6 37. b5 Nd4 38. Ne4+ Ke5 39. Nc3 Kf5
40. Kh3 Kf4 41. b6 axb6 42. Nd5+ Kf5 43. Nxb6 f6 44. gxf6 Kxf6 45. Kg4 Nf5 46.
Nc4 Nh6+ 47. Kf4 Nf5 48. Kg4 Nh6+ 49. Kh3 Kf5 50. b4 Ke4 51. b5 Kd5 52. b6 Kc6
53. Kg3 Nf5+ 54. Kg4 Nd4 55. Ne5+ Kxb6 56. Nxg6 Kc7 57. h5 Nb5 58. h6 Nd6 59.
h7 Nf7 60. Kf5 Kd8 61. Kf6 Ke8 62. Kg7 Nh8 63. Nxh8 1-0

[Event "Lloyds Bank Masters 18th"]
[Site "London"]
[Date "1994.08.23"]
[Round "4"]
[White "Wood, David A"]
[Black "Parker, Robert"]
[Result "1-0"]
[WhiteElo "2295"]
[BlackElo "2075"]
[PlyCount "31"]
[EventDate "1994.08.20"]
[EventType "swiss"]
[EventRounds "10"]
[EventCountry "ENG"]
[SourceTitle "BritBase"]

1. e4 e5 2. Nf3 Nc6 3. Bb5 a6 4. Bxc6 dxc6 5. O-O Ne7 6. Nxe5 Qd4 7. Qh5 g6 8.
Qg5 Bg7 9. Nd3 Qxe4 10. Re1 h6 11. Qg3 Qg4 12. Qxc7 Be6 13. Nc3 Nf5 14. Ne5
Bxe5 15. Qxe5 O-O 16. Ne4 1-0

[Event "Lloyds Bank Masters 18th"]
[Site "London"]
[Date "1994.08.24"]
[Round "5"]
[White "Anderton, Matthew"]
[Black "Mortazavi, Ali"]
[Result "0-1"]
[WhiteElo "2170"]
[BlackElo "2390"]
[PlyCount "70"]
[EventDate "1994.08.20"]
[EventType "swiss"]
[EventRounds "10"]
[EventCountry "ENG"]
[SourceTitle "BritBase"]

1. e4 c5 2. c3 d5 3. exd5 Qxd5 4. d4 Nf6 5. Nf3 Nc6 6. Be3 cxd4 7. cxd4 e6 8.
Nc3 Qd6 9. Bc4 Be7 10. O-O O-O 11. Qe2 Nb4 12. Bg5 Nbd5 13. Rad1 a6 14. Rfe1
Nxc3 15. bxc3 b5 16. Bb3 Ra7 17. Qd3 Nd5 18. Bc2 g6 19. Bh6 Rc7 20. Qd2 Re8 21.
Bb3 Bb7 22. Ne5 Rxc3 23. Bf4 Qd8 24. Ng4 Rc8 25. Be5 Bg5 26. f4 Be7 27. f5 Bg5
28. Qf2 exf5 29. h4 Bxh4 30. Nh6+ Kf8 31. g3 Bf6 32. Qh2 Bxe5 33. dxe5 Qb6+ 34.
Kf1 Ne3+ 35. Rxe3 Qxe3 0-1

[Event "Lloyds Bank Masters 18th"]
[Site "London"]
[Date "1994.08.24"]
[Round "5"]
[White "Ansell, Simon T"]
[Black "Mainka, Romuald"]
[Result "0-1"]
[WhiteElo "2305"]
[BlackElo "2485"]
[PlyCount "62"]
[EventDate "1994.08.20"]
[EventType "swiss"]
[EventRounds "10"]
[EventCountry "ENG"]
[SourceTitle "BritBase"]

1. e4 c5 2. Nf3 d6 3. d4 cxd4 4. Nxd4 Nf6 5. Nc3 e6 6. g4 Nc6 7. g5 Nd7 8. Be3
Be7 9. h4 O-O 10. Bc4 a6 11. Bb3 Nc5 12. Qe2 Nxd4 13. Bxd4 b5 14. O-O-O Qc7 15.
Kb1 Bd7 16. Rdg1 b4 17. Nd1 Nxb3 18. axb3 e5 19. Be3 Bb5 20. Qd2 a5 21. f3 Rfb8
22. g6 a4 23. gxf7+ Kh8 24. Qg2 Bf8 25. bxa4 Rxa4 26. b3 Ra6 27. Bc1 Qa5 28.
Bb2 Rc8 29. Qh3 Qa2+ 30. Kc1 Rac6 31. Rh2 Qxb3 0-1

[Event "Lloyds Bank Masters 18th"]
[Site "London"]
[Date "1994.08.24"]
[Round "5"]
[White "Arkell, Keith C"]
[Black "Perkins, Alan H"]
[Result "1-0"]
[WhiteElo "2470"]
[BlackElo "2265"]
[PlyCount "117"]
[EventDate "1994.08.20"]
[EventType "swiss"]
[EventRounds "10"]
[EventCountry "ENG"]
[SourceTitle "BritBase"]

1. d4 Nf6 2. Nf3 g6 3. c4 Bg7 4. Nc3 O-O 5. g3 d5 6. cxd5 Nxd5 7. Bg2 Nxc3 8.
bxc3 c5 9. O-O Nc6 10. e3 b6 11. Ne5 Nxe5 12. Bxa8 Bg4 13. f3 Bh3 14. Be4 Bxf1
15. Qxf1 Nd7 16. f4 Qc7 17. Bd2 Rc8 18. Rb1 e6 19. Qa6 Nf6 20. Bb7 Rb8 21. Bf3
Rd8 22. Qb7 Qxb7 23. Bxb7 Nd5 24. a4 h5 25. Kf2 Bf6 26. Kf3 Kg7 27. Be1 g5 28.
a5 cxd4 29. fxg5 Bxg5 30. exd4 bxa5 31. Rb5 Bf6 32. Rxa5 Rd7 33. Bc6 Rd6 34.
Ba4 a6 35. Bb3 Bd8 36. Ra3 Bf6 37. Bc4 Nc7 38. Ra5 Rc6 39. Bd3 h4 40. gxh4 Rb6
41. Ra2 Rb3 42. Bc2 Rb6 43. h5 Rb5 44. Bg3 Bd8 45. Be5+ f6 46. Bxc7 Bxc7 47.
Rxa6 Bxh2 48. Bg6 e5 49. Ra7+ Kh8 50. Ra2 exd4 51. Rxh2 dxc3 52. Ra2 Kg7 53.
Ra7+ Kh6 54. Kf4 Rb4+ 55. Kf5 Rb5+ 56. Kxf6 Rb6+ 57. Kf5 Rb5+ 58. Kf4 Rb4+ 59.
Be4 1-0

[Event "Lloyds Bank Masters 18th"]
[Site "London"]
[Date "1994.08.24"]
[Round "5"]
[White "Basman, Michael John"]
[Black "Kumaran, Dharshan"]
[Result "0-1"]
[WhiteElo "2375"]
[BlackElo "2495"]
[PlyCount "46"]
[EventDate "1994.08.20"]
[EventType "swiss"]
[EventRounds "10"]
[EventCountry "ENG"]
[SourceTitle "BritBase"]

1. h3 d5 2. a3 e5 3. c4 d4 4. d3 a5 5. g4 Nc6 6. Bg2 Nge7 7. Nd2 Ng6 8. Be4 Be7
9. Ngf3 Bd7 10. Nf1 Nh4 11. Nxh4 Bxh4 12. Ng3 g6 13. Rg1 Bg5 14. Bd2 O-O 15.
Qc1 Bxd2+ 16. Qxd2 Qh4 17. Nh5 Kh8 18. Qh6 Rg8 19. O-O-O Ne7 20. f4 Bc6 21. f5
Bxe4 22. dxe4 gxh5 23. f6 Rg6 0-1

[Event "Lloyds Bank Masters 18th"]
[Site "London"]
[Date "1994.08.24"]
[Round "5"]
[White "Bates, Richard"]
[Black "Dutta, Shyamol"]
[Result "1-0"]
[WhiteElo "2285"]
[BlackElo "2140"]
[PlyCount "69"]
[EventDate "1994.08.20"]
[EventType "swiss"]
[EventRounds "10"]
[EventCountry "ENG"]
[SourceTitle "BritBase"]

1. d4 Nf6 2. c4 e6 3. Nf3 b6 4. g3 Ba6 5. b3 Bb4+ 6. Bd2 Be7 7. Bg2 d5 8. Bc3
c6 9. Ne5 O-O 10. O-O Bb7 11. Nd2 c5 12. dxc5 Bxc5 13. e3 Nc6 14. Ng4 Nxg4 15.
Qxg4 g6 16. cxd5 exd5 17. Rad1 Ne7 18. Qf4 Nf5 19. Ne4 Be7 20. g4 Ng7 21. Nf6+
Bxf6 22. Qxf6 Qxf6 23. Bxf6 Rac8 24. Bxd5 Bxd5 25. Rxd5 Rc2 26. a3 Ne8 27. Be7
Nc7 28. Rd7 Rc8 29. Rfd1 a5 30. Rd8+ Rxd8 31. Rxd8+ Kg7 32. g5 f5 33. Rc8 Rc1+
34. Kg2 Rc3 35. Bf6+ 1-0

[Event "Lloyds Bank Masters 18th"]
[Site "London"]
[Date "1994.08.24"]
[Round "5"]
[White "Brown, Simon D"]
[Black "Spanton, Timothy"]
[Result "1-0"]
[WhiteElo "2295"]
[BlackElo "2080"]
[PlyCount "53"]
[EventDate "1994.08.20"]
[EventType "swiss"]
[EventRounds "10"]
[EventCountry "ENG"]
[SourceTitle "BritBase"]

1. d4 Nf6 2. c4 e6 3. Nf3 d5 4. g3 c5 5. cxd5 exd5 6. Bg2 Nc6 7. O-O Be7 8. Nc3
O-O 9. Bg5 h6 10. Bxf6 Bxf6 11. dxc5 Be6 12. Rc1 Qe7 13. Ne1 Rfd8 14. Nd3 Ne5
15. Nf4 d4 16. Ncd5 Qd7 17. Nxf6+ gxf6 18. Nh5 Qe7 19. Qd2 Kh7 20. Qf4 Kg6 21.
Be4+ f5 22. Qxe5 fxe4 23. Nf4+ Kh7 24. Qxe4+ Kg8 25. Rfd1 Qf6 26. c6 Bf5 27.
Nd5 1-0

[Event "Lloyds Bank Masters 18th"]
[Site "London"]
[Date "1994.08.24"]
[Round "5"]
[White "Chernin, Alexander"]
[Black "Hebden, Mark"]
[Result "0-1"]
[WhiteElo "2615"]
[BlackElo "2520"]
[PlyCount "74"]
[EventDate "1994.08.20"]
[EventType "swiss"]
[EventRounds "10"]
[EventCountry "ENG"]
[SourceTitle "BritBase"]

1. d4 Nf6 2. c4 g6 3. Nc3 Bg7 4. e4 d6 5. f3 O-O 6. Be3 c5 7. Nge2 Nc6 8. d5
Ne5 9. Ng3 a6 10. a4 e6 11. Be2 exd5 12. cxd5 Bd7 13. h3 b5 14. f4 Nc4 15. Bxc4
bxc4 16. O-O Rb8 17. Rf2 Rb3 18. Qf3 Qb8 19. Ra2 Re8 20. Kh1 h5 21. f5 Rxc3 22.
bxc3 Qb1+ 23. Kh2 h4 24. Nf1 Qxe4 25. fxg6 Qxg6 26. Bf4 Ne4 27. Rfc2 Bf5 28.
Re2 Rb8 29. Re3 Rb3 30. Rae2 Nxc3 31. Re8+ Kh7 32. R2e3 Rb2 33. Re1 Bd4 34. Nd2
Nxa4 35. R1e7 c3 36. Rf8 cxd2 37. Rexf7+ Bg7 0-1

[Event "Lloyds Bank Masters 18th"]
[Site "London"]
[Date "1994.08.24"]
[Round "5"]
[White "Cobb, Charles"]
[Black "Rossiter, Philip J"]
[Result "0-1"]
[WhiteElo "2155"]
[BlackElo "2380"]
[PlyCount "152"]
[EventDate "1994.08.20"]
[EventType "swiss"]
[EventRounds "10"]
[EventCountry "ENG"]
[SourceTitle "BritBase"]

1. e4 c5 2. c3 e6 3. d4 d5 4. exd5 exd5 5. Nf3 Nc6 6. Be3 c4 7. b3 cxb3 8. axb3
Bd6 9. Bd3 Bg4 10. Nbd2 Nf6 11. O-O O-O 12. Bg5 h6 13. Bh4 Bf4 14. Qb1 Qd6 15.
Bf5 Bxd2 16. Nxd2 Qf4 17. Bxg4 Nxg4 18. Nf3 Nxh2 19. Nxh2 Qxh4 20. Qf5 Rad8 21.
Rfe1 Qg5 22. Qd3 a6 23. b4 Qg6 24. Qf1 Na7 25. Re3 Rfe8 26. Rae1 Rxe3 27. Rxe3
Nb5 28. Nf3 f6 29. Qe1 Nd6 30. Re7 Qg4 31. Nd2 Rd7 32. f3 Qf5 33. Nf1 Kf8 34.
Re3 Qg6 35. Qd1 Nc4 36. Re2 Re7 37. Rxe7 Kxe7 38. Qe2+ Kf7 39. Ne3 Nxe3 40.
Qxe3 Qc2 41. Qe1 Qd3 42. Kh1 b6 43. Qa1 Qb5 44. Qa3 a5 45. bxa5 bxa5 46. Qd6 a4
47. Kh2 Kg6 48. f4 h5 49. Qf8 Qc6 50. Qe7 Kh7 51. f5 Qc8 52. Qb4 Qxf5 53. Qxa4
Qf4+ 54. Kh1 Qc1+ 55. Kh2 Qxc3 56. Qe8 Qd2 57. Qa4 Qf4+ 58. Kh1 Qe4 59. Qd1 Kh6
60. Qd2+ g5 61. Qb4 Kg6 62. Qb6 h4 63. Kh2 Qf4+ 64. Kh1 g4 65. Qd8 Qxd4 66.
Qg8+ Kf5 67. Qh7+ Ke5 68. Qxh4 Qe4 69. Qg3+ Ke6 70. Qc3 Kf7 71. Qc7+ Kg6 72.
Qc3 d4 73. Qc4 Kf5 74. Qc5+ Kf4 75. Qc7+ Qe5 76. Qc1+ Kg3 0-1

[Event "Lloyds Bank Masters 18th"]
[Site "London"]
[Date "1994.08.24"]
[Round "5"]
[White "Das, Dipanjan"]
[Black "Poulton, James"]
[Result "0-1"]
[WhiteElo "2155"]
[BlackElo "2330"]
[PlyCount "52"]
[EventDate "1994.08.20"]
[EventType "swiss"]
[EventRounds "10"]
[EventCountry "ENG"]
[SourceTitle "BritBase"]

1. e4 e6 2. d3 c5 3. Nf3 Nc6 4. g3 g6 5. Bg2 Bg7 6. O-O Nge7 7. Nbd2 O-O 8. Re1
d6 9. Nf1 h6 10. h4 e5 11. h5 Be6 12. c3 Qd7 13. hxg6 fxg6 14. Be3 Rad8 15. d4
cxd4 16. cxd4 exd4 17. Nxd4 Nxd4 18. Bxd4 Nc6 19. Bxg7 Qxg7 20. b3 g5 21. Ne3
Qe5 22. Qd2 h5 23. Nd5 Nd4 24. f4 gxf4 25. gxf4 Qg7 26. e5 Nf3+ 0-1

[Event "Lloyds Bank Masters 18th"]
[Site "London"]
[Date "1994.08.24"]
[Round "5"]
[White "Davies, Nigel R"]
[Black "Martin, Benjamin"]
[Result "1/2-1/2"]
[WhiteElo "2510"]
[BlackElo "2355"]
[PlyCount "61"]
[EventDate "1994.08.20"]
[EventType "swiss"]
[EventRounds "10"]
[EventCountry "ENG"]
[SourceTitle "BritBase"]

1. c4 Nf6 2. Nf3 e6 3. g3 d5 4. b3 Be7 5. Bg2 O-O 6. O-O Nbd7 7. Bb2 c6 8. e3
b6 9. Qe2 Bb7 10. d3 c5 11. Rd1 Rc8 12. Nc3 a6 13. Rac1 Rc7 14. cxd5 Nxd5 15.
Nxd5 Bxd5 16. e4 Bb7 17. d4 cxd4 18. Nxd4 Rxc1 19. Bxc1 Bc5 20. a3 a5 21. Bb2
Qe7 22. Nc2 Nf6 23. b4 axb4 24. axb4 Bxb4 25. Bxf6 gxf6 26. Qg4+ Kh8 27. Nxb4
Qxb4 28. Qh4 Kg7 29. Qg4+ Kh8 30. Qh4 Kg7 31. Qg4+ 1/2-1/2

[Event "Lloyds Bank Masters 18th"]
[Site "London"]
[Date "1994.08.24"]
[Round "5"]
[White "De la Villa Garcia, Jesus Maria"]
[Black "Wood, David A"]
[Result "1/2-1/2"]
[WhiteElo "2490"]
[BlackElo "2295"]
[PlyCount "56"]
[EventDate "1994.08.20"]
[EventType "swiss"]
[EventRounds "10"]
[EventCountry "ENG"]
[SourceTitle "BritBase"]

1. e4 e6 2. d4 d5 3. Nc3 dxe4 4. Nxe4 Nd7 5. Nf3 Ngf6 6. Bd3 Nxe4 7. Bxe4 Nf6
8. Bd3 b6 9. Bg5 Bb7 10. Qe2 Be7 11. O-O-O O-O 12. h4 h6 13. Bd2 c5 14. dxc5
bxc5 15. Rh3 Bxf3 16. Rxf3 Qb6 17. Bc3 Rfd8 18. Rg3 Kf8 19. b3 Rd7 20. Bc4
Rxd1+ 21. Kxd1 Rd8+ 22. Ke1 Qc7 23. Rd3 Nd5 24. Bxd5 exd5 25. Be5 Qa5+ 26. Bc3
Qc7 27. Be5 Qa5+ 28. Bc3 Qc7 1/2-1/2

[Event "Lloyds Bank Masters 18th"]
[Site "London"]
[Date "1994.08.24"]
[Round "5"]
[White "Dive, Russell John"]
[Black "Pert, Richard G"]
[Result "0-1"]
[WhiteElo "2315"]
[BlackElo "2050"]
[PlyCount "104"]
[EventDate "1994.08.20"]
[EventType "swiss"]
[EventRounds "10"]
[EventCountry "ENG"]
[SourceTitle "BritBase"]

1. d4 d5 2. c4 e6 3. cxd5 exd5 4. Nc3 Nf6 5. Bg5 Nbd7 6. e3 c6 7. Bd3 Be7 8.
Qc2 O-O 9. Nge2 Re8 10. h3 Nf8 11. O-O-O Ne4 12. Bxe7 Qxe7 13. Bxe4 dxe4 14. g4
f5 15. gxf5 Bxf5 16. Ng3 Bg6 17. h4 h6 18. h5 Bh7 19. Kb1 Nd7 20. Qb3+ Qf7 21.
Qxf7+ Kxf7 22. d5 Nc5 23. dxc6 bxc6 24. Rd4 Rad8 25. Rc4 Re5 26. b4 Nd3 27. Ka1
Rb8 28. a3 a5 29. Ncxe4 axb4 30. Rd1 Rd5 31. Rxc6 Ra8 32. Rc2 Rxa3+ 33. Ra2
Rda5 34. Rdd2 b3 35. Rxa3 Rxa3+ 36. Kb1 b2 37. Rxb2 Bxe4 38. Nxe4 Nxb2 39. Kxb2
Ra5 40. Ng3 Rc5 41. Kb3 Ke6 42. Kb2 Rc7 43. Kb1 Kf6 44. f4 g6 45. Ne4+ Kf5 46.
Ng3+ Kg4 47. hxg6 Kxg3 48. f5 Rg7 49. e4 Kf4 50. Kc2 Kxe4 51. f6 Rxg6 52. f7
Rf6 0-1

[Event "Lloyds Bank Masters 18th"]
[Site "London"]
[Date "1994.08.24"]
[Round "5"]
[White "Donovan, Nigel"]
[Black "Webster, Andrew"]
[Result "1/2-1/2"]
[WhiteElo "2170"]
[BlackElo "2405"]
[PlyCount "105"]
[EventDate "1994.08.20"]
[EventType "swiss"]
[EventRounds "10"]
[EventCountry "ENG"]
[SourceTitle "BritBase"]

1. e4 c5 2. Nf3 a6 3. c4 e6 4. b3 d6 5. Bb2 Nf6 6. Nc3 b6 7. d4 cxd4 8. Nxd4
Bb7 9. Bd3 Nbd7 10. O-O g5 11. Qd2 Rg8 12. Rae1 Ne5 13. Nde2 Nh5 14. Bb1 Qc7
15. Qe3 Rb8 16. Kh1 Be7 17. Qh3 Nf6 18. f4 gxf4 19. Nxf4 Bc8 20. Nh5 Nfg4 21.
Ne2 Bd8 22. Rf4 Rg6 23. Ref1 b5 24. cxb5 axb5 25. Bxe5 Nxe5 26. Nf6+ Bxf6 27.
Rxf6 Rxf6 28. Rxf6 b4 29. Qxh7 Ba6 30. Qh5 Qb6 31. Rxe6+ Kd7 32. Rxe5 dxe5 33.
Qxf7+ Kc6 34. Qd5+ Kc7 35. Qxe5+ Qd6 36. Qg7+ Kb6 37. Ng1 Rf8 38. e5 Qc5 39.
Qg6+ Ka5 40. Bd3 Bxd3 41. Qxd3 Qxe5 42. h3 Rc8 43. Qd7 Qc5 44. Ne2 Rf8 45. Ng3
Rf2 46. Qd8+ Kb5 47. Qb8+ Ka5 48. Kh2 Rc2 49. Ne4 Qe7 50. Qa8+ Kb6 51. Qb8+ Ka5
52. Qa8+ Kb6 53. Qb8+ 1/2-1/2

[Event "Lloyds Bank Masters 18th"]
[Site "London"]
[Date "1994.08.24"]
[Round "5"]
[White "Garcia, Gildardo"]
[Black "Lodhi, Mahmood"]
[Result "1-0"]
[WhiteElo "2540"]
[BlackElo "2450"]
[PlyCount "54"]
[EventDate "1994.08.20"]
[EventType "swiss"]
[EventRounds "10"]
[EventCountry "ENG"]
[SourceTitle "BritBase"]

1. e4 e5 2. Nf3 Nc6 3. Bb5 a6 4. Ba4 Nf6 5. O-O Be7 6. Bxc6 bxc6 7. Nc3 d6 8.
d4 exd4 9. Nxd4 Bd7 10. Bf4 O-O 11. e5 dxe5 12. Bxe5 Nd5 13. Qf3 Nxc3 14. Qxc3
c5 15. Nb3 f6 16. Bg3 Rf7 17. Rad1 Qc8 18. Nxc5 Bxc5 19. Qxc5 Qb7 20. Rfe1 Qxb2
21. Rb1 Qxa2 22. Ra1 Qb2 23. Reb1 Qxb1+ 24. Rxb1 Be8 25. Bxc7 Rc8 26. Rb7 Rd7
27. h3 Bf7 1-0

[Event "Lloyds Bank Masters 18th"]
[Site "London"]
[Date "1994.08.24"]
[Round "5"]
[White "Gual Pascual, Antonio"]
[Black "Cohen, Aron"]
[Result "1-0"]
[WhiteElo "2395"]
[BlackElo "2225"]
[PlyCount "95"]
[EventDate "1994.08.20"]
[EventType "swiss"]
[EventRounds "10"]
[EventCountry "ENG"]
[SourceTitle "BritBase"]

1. d4 Nf6 2. c4 c5 3. d5 b5 4. Nf3 e6 5. dxe6 fxe6 6. cxb5 d5 7. e3 Bd6 8. Nc3
Nbd7 9. g3 O-O 10. Bg2 Bb7 11. O-O Qe7 12. Ne1 Kh8 13. b3 Rad8 14. Qe2 Qf7 15.
e4 Qg6 16. Nd3 dxe4 17. Nf4 Bxf4 18. Bxf4 Nd5 19. Bd2 N7f6 20. Nxe4 Nxe4 21.
Qxe4 Qxe4 22. Bxe4 Nc3 23. Bxc3 Bxe4 24. Rfe1 Bd5 25. Be5 Rd7 26. Rec1 Rc8 27.
Rc3 Rb7 28. a4 a6 29. bxa6 Rxb3 30. Rxb3 Bxb3 31. a7 Ra8 32. Bb8 Kg8 33. Kf1
Kf7 34. Ke2 Kf6 35. a5 Bd5 36. Ke3 Kf5 37. h3 g5 38. Rc1 c4 39. g4+ Kf6 40. Kd4
h6 41. Rxc4 Kg6 42. Rc5 Bg2 43. Rc3 Bd5 44. Ke5 h5 45. Rd3 Bc4 46. Rf3 h4 47.
Rf6+ Kg7 48. Rxe6 1-0

[Event "Lloyds Bank Masters 18th"]
[Site "London"]
[Date "1994.08.24"]
[Round "5"]
[White "Gunawan, Ronny"]
[Black "Szekely, Peter"]
[Result "1/2-1/2"]
[WhiteElo "2420"]
[BlackElo "2490"]
[PlyCount "26"]
[EventDate "1994.08.20"]
[EventType "swiss"]
[EventRounds "10"]
[EventCountry "ENG"]
[SourceTitle "BritBase"]

1. e4 c5 2. Nf3 d6 3. d4 cxd4 4. Nxd4 Nf6 5. Nc3 a6 6. Be3 e6 7. Qd2 b5 8. f3
Nbd7 9. g4 Nb6 10. Qf2 Nfd7 11. O-O-O Bb7 12. Kb1 Be7 13. h4 Rc8 1/2-1/2

[Event "Lloyds Bank Masters 18th"]
[Site "London"]
[Date "1994.08.24"]
[Round "5"]
[White "Hassabis, Demis"]
[Black "McDonald, Neil R"]
[Result "1/2-1/2"]
[WhiteElo "2260"]
[BlackElo "2420"]
[PlyCount "124"]
[EventDate "1994.08.20"]
[EventType "swiss"]
[EventRounds "10"]
[EventCountry "ENG"]
[SourceTitle "BritBase"]

1. d4 d5 2. Nf3 Nf6 3. g3 e6 4. Bg2 Be7 5. O-O O-O 6. c4 dxc4 7. Ne5 Nc6 8.
Nxc6 bxc6 9. e3 Nd5 10. Qa4 Nb6 11. Qa5 Qd6 12. a3 Rb8 13. Nd2 f5 14. b3 c5 15.
Nxc4 Nxc4 16. bxc4 Qb6 17. Qxb6 cxb6 18. e4 Ba6 19. Bf4 Rbd8 20. exf5 exf5 21.
dxc5 Bxc5 22. Bd5+ Rxd5 23. cxd5 Bxf1 24. Kxf1 Rd8 25. Rd1 Bxa3 26. Ra1 Bc5 27.
Rxa7 Rxd5 28. Rb7 Bd4 29. Be3 Bxe3 30. fxe3 Rb5 31. Ke2 h6 32. h4 h5 33. Kf3
Rb4 34. Rd7 Kh7 35. Rd6 b5 36. Rb6 g6 37. Rb7+ Kh6 38. Kf2 Rb1 39. Kg2 Rb2+ 40.
Kf1 b4 41. Kg1 b3 42. Kf1 Rb1+ 43. Kf2 b2 44. Kg2 Re1 45. Rxb2 Rxe3 46. Rb7 Re4
47. Kf3 Rg4 48. Rf7 Rd4 49. Ra7 Rd3+ 50. Kf4 Rd4+ 51. Kf3 Rd8 52. Kf4 Rg8 53.
Rb7 Rg7 54. Rb6 Re7 55. Rb4 Rf7 56. Rb6 Kh7 57. Ra6 Kh6 58. Rb6 Rd7 59. Rb4 Rd1
60. Kf3 Re1 61. Rb7 Re4 62. Ra7 Rg4 1/2-1/2

[Event "Lloyds Bank Masters 18th"]
[Site "London"]
[Date "1994.08.24"]
[Round "5"]
[White "Hastings, Jonathan J"]
[Black "Bartels, Hans A"]
[Result "1-0"]
[WhiteElo "2215"]
[BlackElo "2335"]
[PlyCount "121"]
[EventDate "1994.08.20"]
[EventType "swiss"]
[EventRounds "10"]
[EventCountry "ENG"]
[SourceTitle "BritBase"]

1. e4 c6 2. d4 d5 3. Nc3 dxe4 4. Nxe4 Nd7 5. Nf3 Ngf6 6. Ng3 e6 7. Bc4 c5 8. c3
Qc7 9. Qe2 Be7 10. O-O O-O 11. Bxe6 Nb6 12. Bxc8 Raxc8 13. Nf5 Rfe8 14. Qd3 Bf8
15. g3 Qd7 16. Rd1 c4 17. Qc2 Nfd5 18. Bd2 g6 19. Ne3 Nxe3 20. Bxe3 Nd5 21. Re1
f6 22. Re2 Qc6 23. Nh4 Nxe3 24. fxe3 Re4 25. Rae1 Rce8 26. Ng2 g5 27. Rf1 R8e6
28. Ref2 Kg7 29. Rf5 Qe8 30. Qf2 Be7 31. b3 Qc8 32. Qc2 a6 33. bxc4 Qxc4 34.
Qb3 Rc6 35. Qxb7 Qxc3 36. d5 Rc7 37. Qxa6 Bc5 38. Qxf6+ Qxf6 39. Rxf6 Bxe3+ 40.
Nxe3 Rxe3 41. Re6 Rd3 42. d6 Rd7 43. Re7+ Rxe7 44. dxe7 Re3 45. a4 Rxe7 46. a5
Ra7 47. Ra1 Ra6 48. Kf2 Kf6 49. Ke3 Ke5 50. Ra2 h5 51. Kd3 h4 52. gxh4 gxh4 53.
Ra4 Kf6 54. Kc4 Kg5 55. Kb5 Rf6 56. a6 Rf5+ 57. Kc6 Rf6+ 58. Kd5 Rf5+ 59. Kd6
Rf8 60. a7 Ra8 61. Kc7 1-0

[Event "Lloyds Bank Masters 18th"]
[Site "London"]
[Date "1994.08.24"]
[Round "5"]
[White "Holland, Christopher"]
[Black "Barua, Dibyendu"]
[Result "0-1"]
[WhiteElo "2265"]
[BlackElo "2495"]
[PlyCount "96"]
[EventDate "1994.08.20"]
[EventType "swiss"]
[EventRounds "10"]
[EventCountry "ENG"]
[SourceTitle "BritBase"]

1. c4 e5 2. Nc3 Nc6 3. g3 g6 4. Bg2 Bg7 5. Rb1 d6 6. b4 f5 7. b5 Nce7 8. d3 Nf6
9. Qb3 Nd7 10. Nf3 Nc5 11. Qc2 O-O 12. O-O h6 13. Ba3 Rb8 14. Nd2 b6 15. Nd5
Nxd5 16. Bxd5+ Kh7 17. e3 f4 18. exf4 exf4 19. Bb2 Bxb2 20. Rxb2 Bf5 21. Ne4
Bxe4 22. Bxe4 Qf6 23. f3 Ne6 24. Rbb1 Qg5 25. Qg2 Nd4 26. gxf4 Qxg2+ 27. Kxg2
Ne6 28. Kf2 Nxf4 29. Ke3 Kg7 30. Bc6 g5 31. Kd2 Rbd8 32. Rbe1 Rf7 33. Be8 Rf5
34. Re7+ Kf8 35. Rfe1 Re5 36. R7xe5 dxe5 37. Bc6 Nxd3 38. Re3 Nb2+ 39. Kc2 Nxc4
40. Re4 Rd4 41. Rxd4 exd4 42. Kd3 Ne5+ 43. Kxd4 Nxc6+ 44. bxc6 Ke7 45. Ke5 a6
46. Kf5 b5 47. Ke5 Kf7 48. h3 Ke7 0-1

[Event "Lloyds Bank Masters 18th"]
[Site "London"]
[Date "1994.08.24"]
[Round "5"]
[White "Hunt, Adam"]
[Black "Howell, James C"]
[Result "1/2-1/2"]
[WhiteElo "2205"]
[BlackElo "2505"]
[PlyCount "79"]
[EventDate "1994.08.20"]
[EventType "swiss"]
[EventRounds "10"]
[EventCountry "ENG"]
[SourceTitle "BritBase"]

1. e4 Nf6 2. e5 Nd5 3. d4 d6 4. Nf3 Bg4 5. Be2 c6 6. Ng5 Bf5 7. Bd3 Bxd3 8.
Qxd3 e6 9. O-O dxe5 10. dxe5 Nd7 11. Re1 h6 12. Nf3 Qc7 13. Nc3 Be7 14. Nxd5
cxd5 15. Nd4 Nc5 16. Qg3 g5 17. Qc3 O-O-O 18. Nb5 Qb6 19. Nd6+ Bxd6 20. exd6
Qc6 21. Be3 Ne4 22. Qxc6+ bxc6 23. Bxa7 Nxd6 24. a4 Rhe8 25. Bd4 Kb7 26. Re3
Nc4 27. Rh3 e5 28. Bc5 Re6 29. Rf3 f6 30. Rb3+ Ka8 31. a5 Rb8 32. Rxb8+ Kxb8
33. a6 e4 34. Ra4 Ka8 35. Rb4 Re8 36. Rb7 d4 37. Ra7+ Kb8 38. Rb7+ Ka8 39. Ra7+
Kb8 40. Rb7+ 1/2-1/2

[Event "Lloyds Bank Masters 18th"]
[Site "London"]
[Date "1994.08.24"]
[Round "5"]
[White "Hunt, Harriet"]
[Black "Parker, Jonathan"]
[Result "1/2-1/2"]
[WhiteElo "2225"]
[BlackElo "2400"]
[PlyCount "73"]
[EventDate "1994.08.20"]
[EventType "swiss"]
[EventRounds "10"]
[EventCountry "ENG"]
[SourceTitle "BritBase"]

1. e4 e5 2. Nf3 d5 3. Nxe5 Bd6 4. d4 dxe4 5. Nc3 Nf6 6. Bg5 Bf5 7. Bc4 O-O 8.
O-O h6 9. Bxf6 Qxf6 10. Bd5 Nc6 11. Nxc6 bxc6 12. Bxe4 Bxe4 13. Nxe4 Bxh2+ 14.
Kxh2 Qh4+ 15. Kg1 Qxe4 16. Re1 Qf4 17. Qd3 Rad8 18. Re4 Qf6 19. Qc4 Rd5 20.
Rae1 Qd6 21. c3 g6 22. Qa6 c5 23. Qxa7 cxd4 24. Rxd4 c5 25. Rxd5 Qxd5 26. Qe7
Qxa2 27. Qxc5 Qxb2 28. c4 Qc3 29. Re3 Qa1+ 30. Kh2 Qa6 31. Qd4 Qa4 32. Qd5 Rc8
33. Re4 Qc6 34. Qd4 Qc7+ 35. g3 Kh7 36. Qf6 Rf8 37. Qd4 1/2-1/2

[Event "Lloyds Bank Masters 18th"]
[Site "London"]
[Date "1994.08.24"]
[Round "5"]
[White "James, David J"]
[Black "Markowski, Tomasz"]
[Result "0-1"]
[WhiteElo "2260"]
[BlackElo "2475"]
[PlyCount "82"]
[EventDate "1994.08.20"]
[EventType "swiss"]
[EventRounds "10"]
[EventCountry "ENG"]
[SourceTitle "BritBase"]

1. d4 Nf6 2. c4 e6 3. Nc3 Bb4 4. Qc2 O-O 5. a3 Bxc3+ 6. Qxc3 b6 7. Bg5 Bb7 8.
f3 h6 9. Bh4 d5 10. e3 Nbd7 11. cxd5 Nxd5 12. Bxd8 Nxc3 13. Bh4 Nd5 14. Bf2 c5
15. e4 N5f6 16. dxc5 Nxc5 17. Bxc5 bxc5 18. Rc1 Rac8 19. Bb5 Rfd8 20. Ne2 Rd6
21. Nc3 Rb6 22. Rc2 Rb8 23. Kd2 Bc8 24. Bc4 Rxb2 25. Na4 Rxc2+ 26. Kxc2 Nd7 27.
Rd1 Kf8 28. Ba6 Ke7 29. Bxc8 Rxc8 30. Kc3 g5 31. Kc4 h5 32. Kb5 h4 33. h3 c4
34. Kb4 Ne5 35. Kc3 Rb8 36. Nc5 Rb5 37. Kd4 Kd6 38. Na4 Rb3 39. Nc3 a6 40. a4
Rb2 41. Ke3+ Kc5 0-1